Datum a čas kvízu
26
Celkem bodů
Celkový počet nahraných bodů na tomto kvízu bez doplňovacích otázek.
6.
Pořadí na kvízu
Konečné umístění týmu na tomto kvízu.
Zaznamenané odpovědi
| # | Otázka | Odpověď | Body | Výsledky |
|---|---|---|---|---|
| 1. | Ve čtvrtek byly zveřejněny výs... | Václav Havel, Václav Klaus, Petr Pavel | 1 | |
| 2. | Jisté devadesátikilogramové zv... | sumec | 1 | |
| 3. | Napište jména známého muže a ž... | Jeff Bezos, Lauren Sánchez | 1 | |
| 4. | Jak se jmenuje nově zvolený ge... | Hynek Chudárek | 0 | |
| 5. | V Ostravě se konal tradiční at... | 400 m překážek | 1 | |
| 6. | Jedna z nejúspěšnějších filmov... | Chris Pine, William Shatner | 0.5 | |
| 7. | Napište český název závěrečnéh... | Pařba na třetí | 0 | |
| 8. | Seřaďte jednotlivé díly filmov... | 1D 2A 3B 4C | 0 | |
| 9. | Jak se jmenovala dcera Edwarda... | A | 1 | |
| 10. | Závěrem se podíváme blíže na H... | z hadů | 0 |